MARC

LEADER 00000nam0a2200000 4500
001 142974
005 20231101221010.0
029 1 0 |a RU  |b 52-2002  |c РМГ 
035 |a (RuTPU)RU\TPU\book\154935 
035 |a RU\TPU\book\154926 
090 |a 142974 
100 |a 20080915d2004 k y0rusy50 ca 
101 0 |a rus 
102 |a BY 
105 |a y l 000zy 
200 1 |a Общие методические рекомендации по прменению положений ГОСТ 8.315-97 при разработке и применении стандартных образцов  |e Рекомендации по межгосударственной стандартизации. РМГ 52-2002  |f Межгосударственный совет по стандартизации, метрологии и сертификации 
205 |a Изд. офиц. 
210 |a Минск  |c Изд-во стандартов  |d 2004 
215 |a 31 с. 
225 1 |a Рекомендации по межгосудартсвенной стандартизации 
225 1 |a Государственная система обеспечения единства измерений 
229 |a Приняты Межгосударственным советом по стандартизации, метрологии и сертификации (протокол № 22 от 6 ноября 2002 г.). Введены впервые 
610 1 |a рекомендации по стандартизации 
610 1 |a РМГ 
610 1 |a межгосударственная стандартизация 
610 1 |a единство измерений 
610 1 |a методические рекомендации 
610 1 |a стандартные образцы 
610 1 |a разработки 
610 1 |a утверждения 
610 1 |a применение 
610 1 |a метрологические характеристики 
675 |a 006(083)  |v 3 
712 0 2 |a Межгосударственный совет по стандартизации, метрологии и сертификации  |2 stltpush  |3 (RuTPU)RU\TPU\col\9665  |9 24738 
801 1 |a RU  |b 63413507  |c 20070315  |g PSBO 
801 2 |a RU  |b 63413507  |c 20221208  |g PSBO 
942 |c BK